[Event "Olympiad Women-34"]
[Site "Istanbul"]
[Date "2000.11.01"]
[Round "5.2"]
[White "Ramseier, Jana S"]
[Black "Wilman, Carey"]
[Result "1/2-1/2"]
[WhiteElo "2156"]
[BlackElo "2066"]
[PlyCount "98"]
[EventDate "2000.10.28"]
[EventType "team-swiss"]
[EventRounds "14"]
[EventCountry "TUR"]
[SourceTitle "EXT 2001"]
[Source "ChessBase"]
[SourceDate "2000.11.22"]
[SourceVersion "1"]
[SourceVersionDate "2000.11.22"]
[SourceQuality "1"]
[WhiteTeam "Switzerland"]
[BlackTeam "Scotland (W)"]
[WhiteTeamCountry "SUI"]
[BlackTeamCountry "SCO"]

1. d4 Nf6 2. Nf3 g6 3. g3 Bg7 4. Bg2 d6 5. 0-0 0-0 6. b3 c5 7. Bb2 Nbd7 8. Na3 Rb8 9. c4 Qa5 10. Nc2 Ne4 11. Qd3 f5 12. a3 cxd4 13. b4 Qa4 14. Bxd4 Ne5 15. Bxe5 dxe5 16. Rac1 Be6 17. Na1 Rfd8 18. Qe3 b6 19. Ng5 Nxg5 20. Qxg5 Bf6 21. Qe3 e4 22. h4 a5 23. bxa5 Qxa5 24. Nc2 Qd2 25. Qb3 b5 26. Nb4 bxc4 27. Qa4 Qd7 28. Qc2 Ra8 29. Rcd1 Qb5 30. Rxd8+ Rxd8 31. Rb1 Qc5 32. Qa4 c3 33. Nc2 Kf7 34. Bf1 Qc7 35. e3 Be5 36. Kg2 Rb8 37. Rxb8 Qxb8 38. Bb5 Qc8 39. Qb4 Bd5 40. Qa5 Qa8 41. Qb4 Qa7 42. a4 Qc7 43. a5 Qd6 44. Qa4 Kg7 45. a6 Ba8 46. Qc4 Qd1 47. Qe6 Qf3+ 48. Kf1 Qd1+ 49. Kg2 Qf3+ 1/2-1/2

[Event "SUI-ch int (Women)"]
[Site "Pontresina"]
[Date "2000.??.??"]
[Round "3"]
[White "Ramseier, Jana S"]
[Black "Blazkova, Petra"]
[Result "0-1"]
[WhiteElo "2156"]
[BlackElo "2222"]
[PlyCount "64"]
[EventDate "2000.07.13"]
[EventType "swiss"]
[EventRounds "9"]
[EventCountry "SUI"]
[SourceTitle "EXT 2001"]
[Source "ChessBase"]
[SourceDate "2000.11.22"]
[SourceVersion "1"]
[SourceVersionDate "2000.11.22"]
[SourceQuality "1"]

1. d4 Nf6 2. Nf3 g6 3. c4 Bg7 4. Nc3 d5 5. Bg5 Ne4 6. cxd5 Nxg5 7. Nxg5 e6 8. Nf3 exd5 9. e3 Qd6 10. Rc1 c6 11. Be2 0-0 12. 0-0 Nd7 13. Na4 Re8 14. Nd2 f5 15. Bf3 Nf6 16. Qb3 b6 17. Nc3 Kh8 18. Rfe1 Bd7 19. Be2 f4 20. e4 dxe4 21. Nc4 Qxd4 22. Rcd1 Qc5 23. Rxd7 Nxd7 24. Rd1 f3 25. Rxd7 fxe2 26. Nxe2 Rad8 27. Qd1 Rxd7 28. Qxd7 Rf8 29. Ne3 Bxb2 30. h4 Bf6 31. h5 Bg5 32. Nd4 Rd8 0-1

[Event "SUI-ch int (Women)"]
[Site "Pontresina"]
[Date "2000.??.??"]
[Round "8"]
[White "Ramseier, Jana S"]
[Black "Heinatz, Gundula"]
[Result "1/2-1/2"]
[WhiteElo "2156"]
[BlackElo "2244"]
[PlyCount "20"]
[EventDate "2000.07.13"]
[EventType "swiss"]
[EventRounds "9"]
[EventCountry "SUI"]
[SourceTitle "EXT 2001"]
[Source "ChessBase"]
[SourceDate "2000.11.22"]
[SourceVersion "1"]
[SourceVersionDate "2000.11.22"]
[SourceQuality "1"]

1. e4 c5 2. Nf3 Nc6 3. d3 g6 4. g3 Bg7 5. Bg2 d6 6. 0-0 e6 7. Nbd2 Nge7 8. Nc4 b5 9. Ne3 Rb8 10. c3 e5 1/2-1/2

[Event "Baden Casino op 5th"]
[Site "Baden"]
[Date "2000.??.??"]
[Round "7"]
[White "Schirmer, Werner"]
[Black "Ramseier, Jana S"]
[Result "1/2-1/2"]
[WhiteElo "2024"]
[BlackElo "2145"]
[PlyCount "35"]
[EventDate "2000.04.??"]
[EventType "swiss"]
[EventRounds "9"]
[EventCountry "SUI"]
[SourceTitle "EXT 2001"]
[Source "ChessBase"]
[SourceDate "2000.11.22"]
[SourceVersion "1"]
[SourceVersionDate "2000.11.22"]
[SourceQuality "1"]

1. e4 g6 2. d4 Bg7 3. Nc3 d6 4. Be3 Nf6 5. f3 c6 6. Qd2 b5 7. a3 Qa5 8. Nge2 Nbd7 9. Nc1 Rb8 10. Nb3 Qc7 11. Bh6 Bxh6 12. Qxh6 b4 13. axb4 Rxb4 14. Be2 g5 15. Qxg5 Rg8 16. Qa5 Qxa5 17. Rxa5 a6 18. Kf2 1/2-1/2